LEADER 01099nam0-2200349---450- 001 990008278800403321 005 20060220170759.0 010 $a88-464-0370-3 035 $a000827880 035 $aFED01000827880 035 $a(Aleph)000827880FED01 035 $a000827880 100 $a20060220d1997----km-y0itay50------ba 101 1 $afre$cita 102 $aIT 105 $ay---n----00yy 200 1 $a<>gestione collettiva dell'informazione$eGED, workflow e groupware al servizio dell'impresa del futuro$fMartin Ader 210 $aMilano$cFrancoAngeli$dİ1997 215 $a184 p.$d23 cm 225 1 $aCollana dei Quaderni di informatica$v26 300 $aTrad. di Cinzia Forasiepi 610 0 $aOrganizzazione$agestione delle informazioni$aautomazione 676 $a658.403 8$v21$zita 676 $a658.40380285$v21$zita 700 1$aAder,$bMartin$0499828 801 0$aIT$bUNINA$gRICA$2UNIMARC 901 $aBK 912 $a990008278800403321 952 $a658.4038 ADE 1$b8049$fBFS 959 $aBFS 996 $aGestione collettiva dell'informazione$9741665 997 $aUNINA LEADER 01069nam a2200277 i 4500 001 991001126939707536 005 20020507183743.0 008 970526s1968 de ||| | ger 035 $ab10804626-39ule_inst 035 $aLE01307465$9ExL 040 $aDip.to Matematica$beng 082 0 $a530.12 084 $aAMS 81-02 084 $aAMS 81-XX 100 1 $aNeumann, John von$012895 245 10$aMathematische Grundlagen der Quantenmechanik /$cvon Johann von Neumann 260 $aBerlin :$bSpringer-Verlag,$cstampa1968 300 $a262 p. ;$c24 cm. 490 0 $aGrundlehren der mathematischen Wissenschaften = A series of comprehensive studies in mathematics,$x0072-7830 ;$v38 650 0$aQuantum theory 907 $a.b10804626$b23-02-17$c28-06-02 912 $a991001126939707536 945 $aLE013 81-XX NEU11 (1968:SPRINGER)$g1$i2013000084534$lle013$o-$pE0.00$q-$rl$s- $t0$u0$v0$w0$x0$y.i10909102$z28-06-02 996 $aMathematische Grundlagen der Quantenmechanik$940639 997 $aUNISALENTO 998 $ale013$b01-01-97$cm$da $e-$fger$gde $h0$i1